Leis de normas gerais, regulamentação do Poder Executivo e cooperação intergovernamental em tempos de reforma federativa / (Record no. 1061)

MARC details
000 -LÍDER
Campo Fixo de Controle 00806nam a2200241 a 4500
001 - NÚMERO DE CONTROLE
Campo de Controle 1061
003 - IDENTIFICAÇÃO DO NÚMERO DE CONTROLE
Campo de Controle BR-CuiBMT
005 - DATA E HORA DA ÚLTIMA ATUALIZAÇÃO
Campo de Controle 20231127235952.0
008 - DADOS FIXOS
Dados Fixos 231110s2008 mgb 001 0 por d
020 ## - INTERNATIONAL STANDARD BOOK NUMBER
Nº do ISBN 9788577001132
040 ## - AGÊNCIA CATALOGADORA
Código da Agência Catalogadora BR-CuiBMT
Agência que transcreveu o registro BR-CuiBMT
080 ## - Nº DA CLASSIFICAÇÃO DECIMAL UNIVERSAL
Nº Class. CDU 342.24
Nº edição CDU 2007
090 ## - NÚMERO DE CHAMADA
Nº classificação 342.24
Cutter K92l
100 1# - ENTRADA PRINCIPAL -- AUTOR PESSOAL
Nome pessoal Krell, Andreas Joachim,
Datas associadas ao nome 1966-
245 10 - TÍTULO PRINCIPAL
Título principal Leis de normas gerais, regulamentação do Poder Executivo e cooperação intergovernamental em tempos de reforma federativa /
Indicação de responsabilidade Andreas J. Krell.
260 ## - PUBLICAÇÃO, DISTRIBUIÇÃO, ETC.
Local de publicação Belo Horizonte :
Editora Fórum ;
Data 2008.
300 ## - DESCRIÇÃO FÍSICA
N. páginas ou volumes 155 p. :
Dimensões 22 cm
504 ## - NOTA DE BIBLIOGRAFIA, ETC.
Nota de bibliografia Inclui bibliografia.
650 ## - ASSUNTO TÓPICO
Cabeçalho tópico ou nome geográfico Federalismo
Subdivisão geográfica Brasil
-- Alemanha
650 ## - ASSUNTO TÓPICO
Cabeçalho tópico ou nome geográfico Poder executivo
Subdivisão geográfica Brasil
-- Alemanha
650 ## - ASSUNTO TÓPICO
Cabeçalho tópico ou nome geográfico Competência legislativa
Subdivisão geográfica Brasil
-- Alemanha
942 ## - ELEMENTOS DE ENTRADA ADICIONAIS (KOHA)
Fonte de classificação ou esquema de arquivamento Classificação Decimal Universal
Tipo de item do Koha Livros
Holdings
Estado: removido Estado: perdido Fonte de classificação ou esquema de arquivamento Estado: danificado Indisponível para empréstimo Localização permanente Localização atual Data de aquisição Total Checkouts Número de Chamada completo Código de barras Date last seen Número do exemplar Preço efetivo a partir de Tipo de item (Koha)
    Classificação Decimal Universal     Biblioteca da Escola Superior de Contas do TCE/MT Biblioteca da Escola Superior de Contas do TCE/MT 09/08/2019   342.24 K92l BIBTCEMT23111186 28/11/2023 Ex. 1 28/11/2023 Livros
    Classificação Decimal Universal     Biblioteca da Escola Superior de Contas do TCE/MT Biblioteca da Escola Superior de Contas do TCE/MT 09/08/2019   342.24 K92l BIBTCEMT23111187 28/11/2023 Ex. 2 28/11/2023 Livros

Powered by Koha